LEADER 00977nam a2200277 i 4500 001 991000937369707536 005 20020507180158.0 008 990629s1962 it ||| | ita 035 $ab10778202-39ule_inst 035 $aLE01304567$9ExL 040 $aDip.to Matematica$beng 082 0 $a511.3 084 $aAMS 03F55 100 1 $aCastelnuovo, Emma$036236 245 10$aGeometria intuitiva /$cEmma Castelnuovo 250 $a3. ed., 3. ristampa 260 $aFirenze :$bLa nuova Italia,$c1962 300 $axi, 330 p., 20 p. di tav. :$b497 ill. ;$c22 cm. 500 $aContiene oltre 850 esercizi e complementi 650 4$aIntuitionistic mathematics 907 $a.b10778202$b01-02-11$c28-06-02 912 $a991000937369707536 945 $aLE013 03F CAS11 (1962)$g1$i2013000117096$lle013$o-$pE0.00$q-$rl$s- $t0$u5$v0$w5$x0$y.i10877484$z28-06-02 996 $aGeometria intuitiva$9921753 997 $aUNISALENTO 998 $ale013$b01-01-99$cm$da $e-$fita$git $h0$i1 LEADER 04328nam 22006375 450 001 9910437940803321 005 20251230065428.0 010 $a81-322-1173-1 024 7 $a10.1007/978-81-322-1173-0 035 $a(CKB)2670000000406518 035 $a(EBL)1399002 035 $a(SSID)ssj0000963073 035 $a(PQKBManifestationID)11573715 035 $a(PQKBTitleCode)TC0000963073 035 $a(PQKBWorkID)10980122 035 $a(PQKB)10502198 035 $a(DE-He213)978-81-322-1173-0 035 $a(MiAaPQ)EBC1399002 035 $a(PPN)172432332 035 $a(EXLCZ)992670000000406518 100 $a20130711d2013 u| 0 101 0 $aeng 135 $aur|n|---||||| 181 $ctxt 182 $cc 183 $acr 200 10$aProceedings of 10th International Kimberlite Conference $eVolume 2 /$fedited by D Graham Pearson, Herman S Grütter, Jeff W Harris, Bruce A Kjarsgaard, Hugh O?Brien, N V Chalapathi Rao, Steven Sparks 205 $a1st ed. 2013. 210 1$aNew Delhi :$cSpringer India :$cImprint: Springer,$d2013. 215 $a1 online resource (302 p.) 300 $aDescription based upon print version of record. 311 08$a81-322-1172-3 320 $aIncludes bibliographical references and index. 327 $aTable of Contents -- Dedication -- About the Editors -- Papers. 330 $aInternational Kimberlite conferences (IKCs) are special events that are held across the world once in four to five years. IKC is the confluence platform for academicians, scientists and industrial personnel concerned with diamond exploration and exploitation, petrology, geochemistry, geochronology, geophysics and origin of the primary diamond host rocks and their entrained xenoliths and xenocrysts (including diamond) to get together and deliberate on new advances in research made in the intervening years. Ever since the organization of first IKC in 1973 and its tremendous success, the entire geological world eagerly look forward to subsequent such conferences with great enthusiasm and excitement. The scientific emanations from IKCs continue to make significant impact on our understanding of the composition, nature and evolution of the planet we live on. The previous conferences were held at Cape Town (1973), Santa Fe, New Mexico (1977), Clermont-Ferrand, France, (1982). Perth, Western Australia (1987), Araxa, Brazil (1991), Novosibirsk, Russia (1995), Cape Town (1998), Victoria, Canada (2003) and Frankfurt, Germany (2008). The tenth IKC was held at Bangalore, India between 5th and 11th February 2012. The conference was organized by the Geological Society of India in association with the government organizations, academic institutions and Indian diamond mining companies. About 300 delegates from 36 countries attended the conference and 224 papers were presented. The papers include 78 oral presentations and 146 poster presentations on following topics: Kimberlite geology, origin, evolution and emplacement of kimberlites and related rocks, petrology and geochemistry of metasomatised lithospheric mantle magmas, diamond exploration, cratonic roots, diamonds, diamond mining and sustainable developments and policies and governance of diamond exploration. Pre- and post-conference field trips were organized to (i) the diamond bearing kimberlites of Dharwar Craton in south India, (ii) lamproites of Bundelkhand Craton in northern India and (iii) diamond cutting and polishing industry of Surat, Gujarat in western India. A series of social and cultural programmes depicting cultural diversity of India were organized during the conference. The Kimberlite fraternity enjoyed yet another socially and scientifically successful conference.  . 606 $aGeochemistry 606 $aGeology 606 $aMineralogy 606 $aGeochemistry 606 $aGeology 606 $aMineralogy 615 0$aGeochemistry. 615 0$aGeology. 615 0$aMineralogy. 615 14$aGeochemistry. 615 24$aGeology. 615 24$aMineralogy. 676 $a553.82 701 $aPearson$b D. Graham$01751952 801 0$bMiAaPQ 801 1$bMiAaPQ 801 2$bMiAaPQ 906 $aBOOK 912 $a9910437940803321 996 $aProceedings of 10th International Kimberlite Conference$94202285 997 $aUNINA